00704cam a22001937 450000100060000000300080000600500170001400800410003103500190007204000230009104100080011408200330012210000220015511000550017724501740023226000520040630000220045865000300048051748BD-RjUL20211209075716.0160903s1955 pk 000 0 eng  a(BD-RjUL)51868 aDLCcDLCdDLCbeng aeng 223 a343.05525491bNAL 1955  aNaqvi, S.M. Raza 1 aPakistan.kLaws, statutes, etc. [from old catalog]14aThe law of sales tax in Pakistan, Act III of 1951 :bContaining short but concise notes on sections converting notifications upto 31st august, 1954 / cS.M. Raza naqvi  aLahore :bAll-Pakistan Legal Decisions, c1955  a257 p. ;c23 cm.  aSales taxxLawzPakistan